Biographical dictionary of Indian scientists (Record no. 14531)

MARC details
000 -LEADER
fixed length control field 00546nam a2200181Ia 4500
003 - CONTROL NUMBER IDENTIFIER
control field IN-BaIIA
008 - FIXED-LENGTH DATA ELEMENTS--GENERAL INFORMATION
fixed length control field 211028s9999 xx 000 0 eng d
020 ## - INTERNATIONAL STANDARD BOOK NUMBER
International Standard Book Number 81-7167-669-3
040 ## - CATALOGING SOURCE
Transcribing agency IIA Library
080 ## - UNIVERSAL DECIMAL CLASSIFICATION NUMBER
Universal Decimal Classification number 92:5.007(038)
Item number CHA
100 ## - MAIN ENTRY--PERSONAL NAME
Personal name Chattopadhyay, A
9 (RLIN) 25812
245 #0 - TITLE STATEMENT
Title Biographical dictionary of Indian scientists
Remainder of title from acient to contemporary
Statement of responsibility, etc. A. Chattopadhyay
260 ## - PUBLICATION, DISTRIBUTION, ETC.
Place of publication, distribution, etc. New Delhi
Name of publisher, distributor, etc. Rupa Publications
Date of publication, distribution, etc. 2002
300 ## - PHYSICAL DESCRIPTION
Extent xii, 1597p.
650 ## - SUBJECT ADDED ENTRY--TOPICAL TERM
Topical term or geographic name entry element Biography
9 (RLIN) 1224
650 ## - SUBJECT ADDED ENTRY--TOPICAL TERM
Topical term or geographic name entry element Dictionary- Scientists
9 (RLIN) 25813
942 ## - ADDED ENTRY ELEMENTS (KOHA)
Koha item type Books
Holdings
Withdrawn status Lost status Damaged status Not for loan Home library Current library Shelving location Date acquired Source of acquisition Cost, normal purchase price Total Checkouts Full call number Barcode Date last seen Cost, replacement price Price effective from Koha item type Purchase Price
        IIA Library-Bangalore IIA Library-Bangalore General Stacks 07/03/2002 EDS 358.00   92:5.007(038)/ CHA 15453 05/11/2021 358.00 07/03/2002 Books Rs. 358.00

Powered by Koha